000 nam a22 7a 4500
999 _c328396
_d328396
003 Nust
005 20170406125758.0
008 170406b xxu||||| |||| 00| 0 eng d
020 _a8176466255
040 _cdlc
082 _a307.1412095 SIN
100 _4Singh, Abha Lakshmi
245 _aRural Environmental Management
_bSingh, Abha Lakshmi
942 _2ddc
_cBK